|
|
|
|
| LEADER |
00934nam a2200229 a 4500 |
| 001 |
15538909 |
| 008 |
091105s2008 bg 000 0 eng d |
| 010 |
|
|
|a 2008319902
|
| 020 |
|
|
|a 9847022000189
|
| 040 |
|
|
|a DLC
|c DLC
|
| 082 |
0 |
4 |
|a 800
|2 22
|
| 100 |
0 |
|
|a Azizul Hakeem.
|
| 245 |
1 |
0 |
|a Minor prejudices :
|b essays on the arts & literature, cultural perspectives, and personal reflections /
|c Azizul Hakeem.
|
| 260 |
|
|
|a Dhaka :
|b University Press,
|c 2008.
|
| 300 |
|
|
|a xii, 183 p. ;
|c 22 cm.
|
| 541 |
1 |
|
|e 00019490
|
| 650 |
|
0 |
|a Art and literature.
|
| 650 |
|
0 |
|a Intellectuals.
|
| 600 |
0 |
0 |
|a Azizul Hakeem.
|
| 852 |
4 |
|
|a Ayesha Abed Library
|j General Shelf.
|
| 999 |
|
|
|c 5226
|d 5226
|
| 952 |
|
|
|0 0
|1 0
|2 ddc
|4 1
|6 800_AZI_200800000000000
|7 0
|9 5070
|a ENH
|b ENH
|d 2009-11-08
|l 1
|o 800 AZI
|p 3010019490
|r 2014-05-14
|s 2013-02-18
|t 1
|w 2009-11-08
|y BK
|x Departmental-issued damaged books were found in the ENH department for the reason of termites eaten in 2016
|